Catalog

Record Details

Catalog Search



Available copies

  • 2 of 2 copies available at LARL/NWRL Consortium. (Show)
  • 1 of 1 copy available at Northwest Regional Library.

Current holds

0 current holds with 2 total copies.

Show Only Available Copies
Location Call Number / Copy Notes Barcode Shelving Location Status Due Date
Thief River Falls Public Library pb SHA (Text) 35500005525546 Main Available -

Record details

  • ISBN: 9780425270172
  • ISBN: 0425270173
  • Physical Description: 294 pages ; 18 cm.
  • Edition: Berkley mass-market edition.
  • Publisher: New York : Berkley Books, 2014.

Content descriptions

Summary, etc.:
Accepting a position in the small town of ... Read More
Subject: Veterinarians > Fiction.
Man-woman relationships > Fiction.
Human-animal relationships > Fiction.
Idaho > Fiction.
Genre: Love stories.
LDR 01799cam a2200433Ki 4500
001168041
003LARL_NWRL_CONSORTIUM
00520140707113913.0
008131220s2014 nyu 000 1 eng d
020 . ‡a9780425270172
020 . ‡a0425270173
035 . ‡a(OCoLC)866617721
040 . ‡aBTCTA ‡beng ‡erda ‡cBTCTA ‡dBDX ‡dIEB ‡dIEP ‡dWIM ‡dJBL
043 . ‡an-us-id
05014. ‡aPS3619.H3534 ‡bT53 2014
08204. ‡a813.54 ‡223
1001 . ‡aShalvis, Jill. ‡0(LARL_NWRL_CONSORTIUM)142358
24510. ‡aThen came you ‡n#5 / ‡cJill Shalvis.
250 . ‡aBerkley mass-market edition.
260 . ‡aNew York : ‡bBerkley Books, ‡c2014.
300 . ‡a294 pages ; ‡c18 cm.
336 . ‡atext ‡btxt ‡2rdacontent
337 . ‡aunmediated ‡bn ‡2rdamedia
338 . ‡avolume ‡bnc ‡2rdacarrier
4900 . ‡aAnimal magnetism ; ‡v5
520 . ‡aAccepting a position in the small town of Sunshine, Idaho, Emily, a veterinary intern, is shocked to discover that her new boss is her gorgeous one-night stand from a Reno vet conference, which changes everything.
650 0. ‡aVeterinarians ‡vFiction. ‡0(LARL_NWRL_CONSORTIUM)167816
650 0. ‡aMan-woman relationships ‡vFiction. ‡0(LARL_NWRL_CONSORTIUM)165985
650 0. ‡aHuman-animal relationships ‡vFiction. ‡0(LARL_NWRL_CONSORTIUM)165684
651 0. ‡aIdaho ‡vFiction. ‡0(LARL_NWRL_CONSORTIUM)165336
655 0. ‡aLove stories.
948 . ‡hNO HOLDINGS IN LAL - 123 OTHER HOLDINGS
994 . ‡aZ0 ‡bLAL
901 . ‡a168041 ‡bOCLC ‡c168041 ‡tbiblio

Additional Resources